LEADER 01188nam a2200265 i 4500 001 000000070350 003 CaOOAMICUS 005 20080814000000.0 008 080814s1967 it u000 u ita u 013 $a41522 040 $aSeMil$bita 100 1 $aBloch, Ernst,$d<1885-1977>.$0(OLS)http://semarc/name/6474 245 10$aDialettica e speranza /$cErnst Bloch ; introduzione di H. H. Holz ; [a cura di Livio Sichirollo ; traduz. italiana di Giancarlo Scorza]. 260 $aFirenze :$bVallecchi,$c[1967] 300 $aLX, 178 p. ;$c22 cm. 490 0 $aSocrates ;$v4 650 4$aBloch, Ernst <1885-1977> - Pensiero filosofico.$0(OLS)http://semarc/subject/14029 700 1 $aScorza, Giancarlo.$0(OLS)http://semarc/name/35039 700 1 $aSichirollo, Livio.$0(OLS)http://semarc/name/4051 700 1 $aHolz, Hans Heinz,$d<1927-2011>.$0(OLS)http://semarc/name/35038 830 0$aSocrates ;$v4.$0(OLS)http://semarc/title/18074 850 $aSeMil 852 $aSeMil$W1$xVenegono$y1$m2P II 268$j36503$B36503$CSeMilBibl$Z2$F36506 $81 996 $6245$aDialettica e speranza$9(OLS)http://semarc/title/112901 996 $6260$aFirenze :$bVallecchi$9(OLS)http://semarc/publisher/29768 LEADER 01263nam a2200289 i 4500 001 000000112111 003 CaOOAMICUS 005 20030207000000.0 008 030207s1988 it u000 u ita u 013 $a84795 020 $a88-07-11018-0 040 $aSeMil$bita 100 1 $aLerner, Gad,$d<1954- >.$0(OLS)http://semarc/name/46980 245 10$aOperai :$bviaggio all'interno della Fiat : la vita, le case, le fabbriche di una classe che non c'č pių /$cGad Lerner. 260 $aMilano :$bFeltrinelli,$c1988. 300 $a203 p. ;$c22 cm. 490 0 $aPresenze 500 $aIn preliminari : Dedica autografa dell'Autore. - Fondo Card. C.M. Martini. 650 4$aOperai - Vita - FIAT.$0(OLS)http://semarc/subject/20150 830 0$aPresenze.$0(OLS)http://semarc/title/11342 850 $aSeMil 852 $aSeMil$W1$xVenegono$y1$m3N III 444$j67896$B67896$CSeMilBibl$Z2$F95896 $81 941 1 $a4 961 $aOmaggio: Martini Card. Carlo Maria 996 $6020$a88-07-11018-0$9(OLS)http://semarc/number/94572 996 $6245$aOperai :$bviaggio all'interno della Fiat : la vita, le case, le fabbriche di una classe che non c'č pių$9(OLS)http://semarc/title/163385 996 $6260$aMilano :$bFeltrinelli$9(OLS)http://semarc/publisher/30237